000 00365 a2200169 4500
001 73500
020 _a
040 _cAnchieta - Colégio São Paulo
100 _aCarneiro, Caio Porfírio
240 1 0 _aO sal da terra
_lpor
245 1 0 _aO sal da terra
300 _a112
362 0 _a1984
440 1 _aÁtica
650 4 _aFicção brasileira
942 _cBK
999 _c73500
_d73500